000 00911nam a2200289 i 4500
001 000000843
003 DO-SdBNP
005 20260527074042.0
007 ta
008 270126s2025 dr 000 0 spa d
020 _a9789945505290
040 _aDO-SdBNP
_bspa
_cBNPHU
_erda
082 _axxx
_bA162d
_222
100 _aAbreu, Radamés
_eautor
_92771
245 1 3 _aLos desafios del Siglo XXI /
_cRadamés Abreu
264 _aSanto Domingo :
_bEditora Centenario,
_c2025
300 _a251 páginas ;
_c22 cm.
336 _2rdacontent
_atexto
_btxt
337 _2rdamedia
_asin mediación
_bn
338 _2rdacarrier
_avolumen
_bnc
590 _aInventariado, 2026 / DG
600 1 0 _aPeña Gomez, Jose Francisco ,
_d1937-1998
_92994
650 0 _aPartidos políticos
_zRepública Dominicana
_9285
650 4 _aElecciones
_zRepública Dominicana
_xHistoria,
_y1996
_92996
910 _aDG
942 _2ddc
_cLBS1
999 _c60140
_d60140